Squadra della stagione della UEFA Champions League - 2023-2024 - Statistics

Statistiche generali
  • Questo quiz è stato fatto 30 volte
  • Il punteggio medio è 9 su 11
Statistiche sulle risposte
Ruolo Nazione Squadra Calciatore % Corretto
Attaccante Brasile Real Madrid Vinícius
100%
Difensore Germania Real Madrid Antonio Rüdiger
96%
Difensore Spagna Real Madrid Daniel Carvajal
96%
Attaccante Inghilterra Bayern Monaco Harry Kane
96%
Centrocampista Inghilterra Real Madrid ude Bellingham
96%
Difensore Germania Borussia Dortmund Mats Hummels
93%
Attaccante Inghilterra Manchester City Phil Foden
93%
Portiere Svizzera Borussia Dortmund Gregor Kobel
78%
Centrocampista Portogallo Paris Saint-Germain Vitinha
74%
Centrocampista Austria Borussia Dortmund Marcel Sabitzer
59%
Difensore Paesi Bassi Borussia Dortmund Ian Maatsen
41%
Nessun quiz corrispondente trovato
Distribuzione punteggi
Percentuale di utenti per punteggio
Percentile per numero di risposta
I tuoi punteggi nel tempo
Non hai fatto questo quiz